| 000 | 01252cam a22003257a 4500 | ||
|---|---|---|---|
| 001 | 1581 | ||
| 005 | 20240905090843.0 | ||
| 020 | _a9780545288484 | ||
| 040 |
_aBTCTA _cBTCTA _dTEF _dJN4 _dUPZ _dMOF _dYDXCP _dQT4 _dIGP _dDLC _beng |
||
| 050 | 0 | 0 |
_aPZ7.G88366 _bBi 2009 |
| 082 | 0 | 4 |
_a821.92 _222 |
| 100 | 1 |
_aGriffiths, Andy _d1961- |
|
| 245 | 1 | 4 |
_aThe big fat cow that goes kapow / _cby Andy Griffiths ; illustrated by Terry Denton. |
| 250 | _aFirst Scholastic printing, September 2010 | ||
| 260 |
_aNew York, NY : _bScholastic _c2008 |
||
| 300 |
_a123 pages : _billustrations ; _c20 cm |
||
| 500 | _aOriginally published: Sydney : Pan Macmillan Australia, 2008. | ||
| 505 | 0 | _aJ | |
| 520 | _aIn these ten easy-to-read stories there is a mixed-up cow that says "miaow," a mole called Noel who plays rock 'n' roll in a hole, and a boy named Mike who rides a bike with a very big spike! | ||
| 521 |
_a460
_bLexile |
||
| 521 |
_aJ
_bRaz-Plus |
||
| 650 | 0 |
_aAnimals _vJuvenile fiction. |
|
| 650 | 0 |
_aBoys _vJuvenile fiction. |
|
| 650 | 1 |
_aAnimals _vFiction. |
|
| 650 | 1 |
_aBoys _vFiction. |
|
| 650 | 1 | _aHumorous stories. | |
| 700 | 1 |
_aDenton, Terry _eillustrator |
|
| 906 |
_a7 _bcbc _ccopycat _d2 _encip _f20 _gy-gencatlg |
||
| 942 |
_2ddc _cBK _n0 |
||
| 999 |
_c1581 _d1581 |
||